Matemática discreta
Gardado en:
| Main Authors: | , |
|---|---|
| Formato: | Libro |
| Idioma: | Lingua castelá |
| Publicado: |
Barcelona
Reverté
1995
|
| Edición: | 2a. ed |
| Subjects: | |
| Tags: |
Engadir etiqueta
Sen Etiquetas, Sexa o primeiro en etiquetar este rexistro!
|
MARC
| LEADER | 00000nam a2200000 a 4500 | ||
|---|---|---|---|
| 001 | UCS4869 | ||
| 003 | CL-VaPUC | ||
| 008 | 970814e19950000SP |||||||||||||||||spa|d | ||
| 082 | 0 | 4 | |a 004.015 |b FER |2 21 |
| 100 | 0 | |a Ferrando, J. C |e author |9 390670 | |
| 700 | 0 | |a Gregori, V |e author |9 390671 | |
| 245 | 1 | 0 | |a Matemática discreta |
| 250 | |a 2a. ed | ||
| 300 | |a 300 p | ||
| 942 | |c BK | ||
| 945 | |d 19970814 00:00:00 |a jquezada | ||
| 260 | |a Barcelona |b Reverté |c 1995 | ||
| 650 | 0 | |a Ciencia de la computación |9 260608 | |
| 650 | 0 | |a Matemáticas discretas |9 390672 | |
| 583 | |a last modification |c 19970814 00:00:00 |k Rodrigo Vera | ||
| 999 | |c 261652 |d 261650 | ||